Home Print Resources E-Books E-Journals IIMT Lecture Series Library Membership Form Book Recommendation Form Campus Tour Take AdmissionAbout Us Contact Us

SARNGADHARA-SAMHITA (Record no. 52024)

000 -LEADER
fixed length control field nam a22 7a 4500
003 - CONTROL NUMBER IDENTIFIER
control field OSt
005 - DATE AND TIME OF LATEST TRANSACTION
control field 20220607163847.0
008 - FIXED-LENGTH DATA ELEMENTS--GENERAL INFORMATION
fixed length control field 220602b xxu||||| |||| 00| 0 eng d
040 ## - CATALOGING SOURCE
Transcribing agency IIMT UNIVERSITY MEERUT
100 ## - MAIN ENTRY--PERSONAL NAME
Personal name MURTHY , K.R SRIKANTHA
245 ## - TITLE STATEMENT
Title SARNGADHARA-SAMHITA
250 ## - EDITION STATEMENT
Edition statement 1 ST
260 ## - PUBLICATION, DISTRIBUTION, ETC.
Place of publication, distribution, etc. VARANASI
Name of publisher, distributor, etc. CHAUKHAMBA
Date of publication, distribution, etc. 14-05-2022
300 ## - PHYSICAL DESCRIPTION
Extent 335
942 ## - ADDED ENTRY ELEMENTS (KOHA)
Source of classification or shelving scheme
Koha item type Text-Book- for 7 days
Holdings
Withdrawn status Lost status Source of classification or shelving scheme Damaged status Not for loan Home library Current library Date acquired Source of acquisition Coded location qualifier Cost, normal purchase price Inventory number Total Checkouts Full call number Barcode Date last seen Date last checked out Price effective from Koha item type
          IIMT Ayurveda Medical College and Hospital(0669) IIMT Ayurveda Medical College and Hospital(0669) 05/14/2022 ARISTA AYURVEDA 400.00 HO/IN/19 1 615.53 MUR 30-B-3515 12/07/2023 12/06/2023 06/02/2022 Text-Book- for 7 days
          IIMT Ayurveda Medical College and Hospital(0669) IIMT Ayurveda Medical College and Hospital(0669) 05/14/2022 ARISTA AYURVEDA 400.00 HO/IN/19 1 615.53 MUR 30-B-3516 01/03/2024 12/27/2023 06/02/2022 Text-Book- for 7 days
          IIMT Ayurveda Medical College and Hospital(0669) IIMT Ayurveda Medical College and Hospital(0669) 05/14/2022 ARISTA AYURVEDA 400.00 HO/IN/19 1 615.53 MUR 30-B-3517 01/06/2024 12/28/2023 06/02/2022 Text-Book- for 7 days
          IIMT Ayurveda Medical College and Hospital(0669) IIMT Ayurveda Medical College and Hospital(0669) 05/14/2022 ARISTA AYURVEDA 400.00 HO/IN/19   615.53 MUR 30-B-3518 06/02/2022   06/02/2022 Text-Book- for 7 days
          IIMT Ayurveda Medical College and Hospital(0669) IIMT Ayurveda Medical College and Hospital(0669) 05/14/2022 ARISTA AYURVEDA 400.00 HO/IN/19 1 615.53 MUR 30-B-3519 02/15/2024 01/31/2024 06/02/2022 Text-Book- for 7 days
IIMT, Central Library. All Rights Reserved IIMT,UNIVERSITY © 2023
Implemented and Customised by I CLOUDE EMS
You Are OPAC Visitor No
free web counter

Powered by Koha